<?xml version="1.0" encoding="UTF-8"?>
<record
    xmlns:xsi="http://www.w3.org/2001/XMLSchema-instance"
    xsi:schemaLocation="http://www.loc.gov/MARC21/slim http://www.loc.gov/standards/marcxml/schema/MARC21slim.xsd"
    xmlns="http://www.loc.gov/MARC21/slim">

  <leader>00956nam a2200253 a 4500</leader>
  <controlfield tag="001">BRCA_4189</controlfield>
  <controlfield tag="005">20190320204558.0</controlfield>
  <controlfield tag="008">130510s2010----mx-a######---#000-0#spa-#</controlfield>
  <datafield tag="041" ind1=" " ind2=" ">
    <subfield code="a">spa</subfield>
  </datafield>
  <datafield tag="044" ind1=" " ind2=" ">
    <subfield code="a">mx</subfield>
  </datafield>
  <datafield tag="050" ind1=" " ind2="4">
    <subfield code="a">NK7114</subfield>
    <subfield code="b">.A96 2010</subfield>
  </datafield>
  <datafield tag="100" ind1="1" ind2=" ">
    <subfield code="a">Aymes Fern&#xE1;ndez, Carla</subfield>
    <subfield code="9">10801</subfield>
  </datafield>
  <datafield tag="245" ind1="1" ind2="0">
    <subfield code="a">La plater&#xED;a civil novohispana y decimon&#xF3;nica en los ajuares dom&#xE9;sticos</subfield>
    <subfield code="b">estudio documental 1600-1850.</subfield>
  </datafield>
  <datafield tag="260" ind1=" " ind2=" ">
    <subfield code="a">Ciudad de M&#xE9;xico</subfield>
    <subfield code="c">2010</subfield>
  </datafield>
  <datafield tag="300" ind1=" " ind2=" ">
    <subfield code="a">188 p.</subfield>
    <subfield code="b">il. a color</subfield>
  </datafield>
  <datafield tag="500" ind1=" " ind2=" ">
    <subfield code="a">Incluye piezas de la colecci&#xF3;n Franz Mayer: p. 40, 46, 49-55, 58-65, 67-76, 78-80</subfield>
  </datafield>
  <datafield tag="502" ind1=" " ind2=" ">
    <subfield code="a">Tesis Maestr&#xED;a (Maestra en Historia del Arte) UNAM, Facultad de Filosof&#xED;a y Letras</subfield>
  </datafield>
  <datafield tag="650" ind1="1" ind2="4">
    <subfield code="a">Trabajos en plata</subfield>
    <subfield code="y">Siglo XVII-XIX</subfield>
    <subfield code="z">M&#xE9;xico</subfield>
    <subfield code="9">10802</subfield>
  </datafield>
  <datafield tag="700" ind1="1" ind2=" ">
    <subfield code="a">Curiel, Gustavo</subfield>
    <subfield code="e">Director</subfield>
    <subfield code="9">2378</subfield>
  </datafield>
  <datafield tag="700" ind1="1" ind2=" ">
    <subfield code="a">Esteras Mart&#xED;n, Cristina</subfield>
    <subfield code="e">Jurado</subfield>
    <subfield code="9">10803</subfield>
  </datafield>
  <datafield tag="700" ind1="1" ind2=" ">
    <subfield code="a">Salazar Simarro, Nuria Mar&#xED;a Rosa</subfield>
    <subfield code="e">Jurado</subfield>
    <subfield code="9">10804</subfield>
  </datafield>
  <datafield tag="902" ind1=" " ind2=" ">
    <subfield code="a">TES</subfield>
  </datafield>
  <datafield tag="942" ind1=" " ind2=" ">
    <subfield code="2">lcc</subfield>
    <subfield code="c">TES</subfield>
  </datafield>
  <datafield tag="999" ind1=" " ind2=" ">
    <subfield code="c">3905</subfield>
    <subfield code="d">3905</subfield>
  </datafield>
  <datafield tag="952" ind1=" " ind2=" ">
    <subfield code="0">0</subfield>
    <subfield code="1">0</subfield>
    <subfield code="4">0</subfield>
    <subfield code="7">0</subfield>
    <subfield code="a">BRCA</subfield>
    <subfield code="b">BRCA</subfield>
    <subfield code="d">2010-05-13</subfield>
    <subfield code="l">0</subfield>
    <subfield code="o">NK7114 .A96 2010</subfield>
    <subfield code="p">TES00014</subfield>
    <subfield code="r">2019-03-22 00:00:00</subfield>
    <subfield code="w">2019-03-22</subfield>
    <subfield code="y">TES</subfield>
  </datafield>
</record>
